10 biggest Cities - Nevada - Statistics

General Stats
  • This quiz has been taken 29 times
  • The average score is 6 of 10
Answer Stats
Inhabitants City % Correct
646.790 Las Vegas
100%
268.851 Reno
96%
322.178 Henderson
88%
274.133 North Las Vegas
81%
58.993 Carson City
69%
109.796 Sparks
50%
192.000 Paradise
46%
230.000 Enterprise
23%
208.000 Sunrise Manor
15%
220.000 Spring Valley
12%
No matching quizzes found
Score Distribution
Percent of People with Each Score
Percentile by Number Answered
Your Score History
You have not taken this quiz